Eliminação por categoria - Geografia do Brasil - Statistics

Estatísticas Gerais
  • Esse quiz foi jogado 467 vezes
  • A pontuação média é 12 de 20
Estatísticas das Respostas
Group # Category % Correto
Green 17 ... com litoral
92%
Green 10 ... com mais de 6 milhões de habitantes
91%
Green 27 Unidades federativas do Brasil
90%
Green 4 ... parte do Nordeste
88%
Orange 27 Capitais do Brasil
86%
Orange 10 ... com mais de uma palavra no nome
82%
Green 1 ... sem a letra R no nome Bahia
70%
Blue 27 Unidades Federativas do Brasil (Bandeiras)
61%
Blue 18 ... com a cor verde
61%
Purple 18 ... com área maior que 100.000 km²
57%
Purple 10 ... com o PIB per capita maior que 30.000 reais
57%
Purple 27 Unidades Federativas do Brasil (Dados)
55%
Blue 8 ... com a cor vermelha
50%
Orange 6 ... ao norte de Vitória
48%
Purple 5 ... taxa de natalidade menor que 16 nascidos vivos a cada mil habitantes
48%
Orange 3 ... sem a letra R no nome
46%
Blue 7 ... com uma estrela
43%
Purple 1 ... com idh maior que 0,800 São Paulo
43%
Blue 1 ... com uma águia Santa Catarina
30%
Orange 1 ... com menos de 400 anos de idade Boa Vista
25%
Nenhum quiz correspondente encontrado
Distribuição das Pontuações
Porcentagem de Pessoas com Cada Pontuação
Percentil de Números Respondidos
Sua Pontuação Histórica
Você não jogou esse quiz